000 00352 a2200157 4500
001 49930
020 _a8585913355
040 _cAnchieta - Bela Vista
100 _aGeyer, Clóvis
240 1 0 _aA pequena grande Marília
_lpor
245 1 0 _aA pequena grande Marília
300 _a48
362 0 _a2003
650 4 _aLiteratura juvenil
942 _cBK
999 _c49930
_d49930